Os cinco na cidade secreta (Registo nº 1910)

Detalhes MARC
000 -Etiqueta do registo
Cabeçalho 00970nam a22003011 4500
005 - Identificador da versão
Campo de controlo 20240813121919.0
021 ## - Número do Depósito Legal
Código do país PT
100 ## - Dados gerais de processamento
Dados gerais de processamento 20070524d1976 a y0pory5003 ba
102 ## - Pais de publicação ou produção
País de publicação Portugal
101 1# - Língua de publicação
Língua do texto, banda sonora, etc. Português
Língua do documento no original Francês
106 ## - Campo de dados codificados: material textual
Dados codificados do material textual r
105 ## - Campo de dados codificados: livros
Dados codificados dos livros a z 000ay
215 ## - Descrição física 
Indicação específica da natureza do documento e extensão da espécie 152, [1] p.
Outras indicações físicas il.
Dimensões 18 cm
200 1# - Titulo e menção de responsabilidade
Título próprio Os cinco na cidade secreta
Primeira menção de responsabilidade Enid Blyton
Outras menções de responsabilidade narração Claude Voilier, il. Jean Sidobre
-- trad. Helena Leonor Santos
225 2# - Colecção 
Título próprio da colecção Novas aventuras dos cinco
Indicação de volume 6
210 ## - Publicação, Distribuição, etc. 
Lugar da edição, distribuição, etc. Lisboa
Nome do editor, distribuidor, etc. Notícias
Data da publicação, distribuição, etc. 1976
304 ## - Notas relativas a título e menção de responsabilidade 
Texto da nota Tít. orig.: Les cinq dans la cité secrète
606 ## - Nome comum usado como assunto
Número de registo de entrada de autoridade 0000479
Palavra de ordem Literatura estrangeira juvenil
Subdivisão de assunto Romance de aventuras
675 ## - Classificação Decimal Universal (CDU)
Notação 82-311.3
Edição
Língua da edição por
702 #1 - Nome de autor-pessoa física (responsabilidade secundária)
Número de registo de entrada de autoridade 0000498
Palavra de ordem Voilier
Outra parte do nome não tomada para palavra de ordem Claude
Código de função Autor da introdução / Prefaciador
Número de registo de entrada de autoridade 0000323
Palavra de ordem Sidobre
Outra parte do nome não tomada para palavra de ordem Jean
Código de função Ilustrador / Técnico de desenho computorizado
Número de registo de entrada de autoridade 0000499
Palavra de ordem Santos
Outra parte do nome não tomada para palavra de ordem Maria Leonor
Código de função Tradutor
700 #1 - Nome de autor-pessoa física (responsabilidade principal)
Número de registo de entrada de autoridade 0000183
Palavra de ordem Blyton
Outra parte do nome não tomada para palavra de ordem Enid
Datas 1897-1968
942 ## - Elementos de entrada adicionados (Koha)
Tipo de item no Koha Livro
Exemplares
Situação do levantamento Origin of item (home branch) (coded) Biblioteca de empréstimo Código de barras Cota Circulation type (not for loan) Tipo de documento Nota do exemplar Damaged status
  Biblioteca Escolar da Coca Maravilhas Biblioteca Escolar da Coca Maravilhas BECM2652/94 8EST BLY   Livro Sem mensagem